"Новый порядок на века?" Политическая структура современного мира: состояние, проблемы, перспективы. (Запис № 310059)
[ простий вигляд ]
| 000 -Лідер | |
|---|---|
| fixed length control field | 00802nam a22002537a 4500 |
| 003 - Ідентифікатор контрольного номера | |
| control field | UA-OsUOA |
| 001 - Контрольний номер | |
| control field | 23800 |
| 007 - Фіксоване поле фізичного опису | |
| fixed length control field | ta |
| 008 - Елементи даних фіксованої довжини – загальна інформація | |
| fixed length control field | 20040128b un ||||| |||| 00| 0 ukr d |
| 090 ## - Локальний шифр розміщення | |
| Класифікаційний індекс УДК | 32(100)(08) |
| Авторський знак (НП) | Н73 |
| 040 ## - Джерело каталогізації | |
| Агенція оригінальної каталогізації | UA-OsUOA |
| Мова каталогізації | rus |
| Агенція, яка здійснювала перезапис | UA-OsUOA |
| Агенція, яка здійснювала модифікацію | UA-OsUOA |
| 041 ## - Код мови | |
| Код мови тексту/ звукової доріжки чи окремого заголовка (П) | rus |
| 080 ## - Індекс Універсальної десяткової класифікації | |
| Індекс Універсальної десяткової класифікації (УДК) (НП) | 32(100)(08) |
| 020 ## - Міжнародний стандартний книжковий номер (ISBN) | |
| Міжнародний стандартний книжковий номер (ISBN) (НП) | 5-7383-0119-6 |
| 044 ## - Код країни видавця/ виробника | |
| Код країни видавця/ виробника (П) | RU |
| 245 ## - Відомості про назву | |
| Назва (НП) | "Новый порядок на века?" Политическая структура современного мира: состояние, проблемы, перспективы. |
| Дані про відповідальність (НП) | Ред. С.А.Степанов А.Т.Никитин В.А.Гордиенко |
| 260 ## - Публікація, розповсюдження і т.п. (Вихідні дані) | |
| Місце публікації, розповсюдження і т.п. (П) | Москва |
| Ім’я/ наймення видавництва, розповсюджувача і т.п. (П) | МНЭПУ |
| Дата публікації, розповсюдження і т.п. (П) | 2000 |
| 246 31 - Інша форма назви | |
| Назва (НП) | Вып.3. |
| Номер частини/ розділ роботи (П) | |
| 300 ## - Фізичний опис | |
| Обсяг | 136 с. |
| 650 #7 - Додаткове предметне введення – тематичний термін | |
| Джерело заголовка чи терміна | UDC |
| 942 ## - Додаткові елементи входу (Коха) | |
| Тип елемента Koha | Книги |
| 955 ## - Код типу видання за змістом | |
| Код типу видання за змістом (НП) | інше |
| Стан вилучень | Стан втрат | Джерело класифікації або схеми стелажів | Стан уражень | Не для кредиту | Постійне місце розташування | Поточне розміщення | Дата придбання | Вартість, звичайна ціна покупки | Інвентарний номер | Усього замовленно | Повний номер виклику | Штрих-код | Дата останнього перегляду | Ціна ефективна від | Тип елемента Koha |
|---|---|---|---|---|---|---|---|---|---|---|---|---|---|---|---|
| Universal Decimal Classification | ЧЗ - Читальна зала | ЧЗ - Читальна зала | 28/01/2004 | 5.00 | 59957 | 32(100)(08) Н73 | 59957 | 07/02/2022 | 28/01/2004 | Книги |